00421 2200157 4500001002100000005001500021035002000036245007500056100001800131300001200149260004600161082000800207084001400215020002200229990001200251INLIS00000000000264220250805082546 a0010-08250000031 aSuper Modul KSN SMA :bBiologi Sel dan Molekuler 1 /cM. Syah Ramadhan0 aSyah Ramadhan a200 hlm aJakarta :bPT. Jakarta Sains Media,c2022 a574 a574 SYA s a978-623-6111-23-9 a0754840